De dispensationibus matrimonialibus Vincentio de Justis nobili lucense auctore tractatus in tres libros digestus, in quibus, quid, quomodo, ac quando, tum in jure divino, tum in ecclesiastico, ex receptissimis doctorum sententiis, & curiae romanane stylo, quoad matrimonium dispensari possit, accuratissimè declaratur, opus episcopis, vicariis, curatis, caeterisque in utroque foro versantibus perutile, ac necessarium / Vicentio de Justis

Detalles Bibliográficos
Autor principal: Vicentius de Justis
Formato: Libro
Lenguaje:Undetermined
Latin
Publicado: Lucae : Typis Salvatoris et Joannis Dominici Marescandoli, 1726.
Materias:
Colección:Banco de datos
Acervo:Biblioteca Palafoxiana. Colección bibliográfica
Descripción Física:[4], 460, 64, 96 p. ; f°
Tema general:Derecho eclesiástico
Notas:Ex libris en estampa: Francisco Pablo Vázquez. Número de localización: 10487
LEADER 01007nam a2200169Ia 4500
008 150723s9999 xx 000 0 und d
041 0 |a lat 
050 0 |a PAFX BR115 .L28 V5 
100 1 |a Vicentius de Justis 
245 1 0 |a De dispensationibus matrimonialibus Vincentio de Justis nobili lucense auctore tractatus in tres libros digestus, in quibus, quid, quomodo, ac quando, tum in jure divino, tum in ecclesiastico, ex receptissimis doctorum sententiis, & curiae romanane stylo, quoad matrimonium dispensari possit, accuratissimè declaratur, opus episcopis, vicariis, curatis, caeterisque in utroque foro versantibus perutile, ac necessarium / Vicentio de Justis 
260 |a Lucae : Typis Salvatoris et Joannis Dominici Marescandoli, 1726. 
300 |a [4], 460, 64, 96 p. ; f° 
500 |a Ex libris en estampa: Francisco Pablo Vázquez. Número de localización: 10487 
650 1 0 |a Derecho eclesiástico 
942 |c PALALIB 
943 |g Biblioteca Palafoxiana. Colección bibliográfica 
999 |c 1049748  |d 1049748